000 00899nam a22002417a 4500
003 BD-DhSAU
005 20210920125809.0
008 210920b ||||| |||| 00| 0 eng d
040 _aBD-DhSAU
082 _222
_a580
_bAk79
100 _aAKTER, TANZINA
_eREGISTRATION NO. : #12-04823
245 _aEffect of humic acid and salicylic acid on morphology and yield of mustard /
_bMs Thesis
260 _aDepartment of Agricuture Botany;
_b Sher-e-Bangla Agricultural University, Dhaka-1207;
_c2018
300 _aviii. 57p.;
_c30cm.;
590 _anazmul
600 _qhumic acid
610 _asalicylic acid
650 _amorphology and yield of mustard
700 _aProf. Dr. Shahnaz Sarkar
_eSupervisor
710 _aProf. Dr. Mohammad Mahbub Islam
_eCo-Supervisor
856 _uhttp://archive.saulibrary.edu.bd:8080/xmlui/handle/123456789/3306
_yOnline Access
942 _2ddc
_cTHESIS
999 _c15255
_d15254